000 00981nam a22003017a 4500
001 BR7801868
003 BR-BrBNA
005 20230928085549.0
007 ta
008 230509b bl.||||| |||| 00| 0 por d
040 _aBR-BrBNA
_bpor
_cBiblioteca Nacional de Agricultura
041 _a(Por)
072 _aP00
_b/G514
090 _ P00 BR7801868
110 1 _aInstituto Brasileiro de Desenvolvimento Florestal, Brasilia, DF
_95726
111 1 _a1. Encontro Regional de Preservacao e Conservacao dos Recursos Naturais Renovaveis
_cPocone, MT (Brazil)
_d1 Sep 1977
245 1 _a1. Encontro Regional de Preservacao e Conservacao dos Recursos Naturais Renovaveis [Mato Grosso; Brasil]
_bRelatorio
260 3 _aBrasilia, DF (Brasil):
_c1977.
300 _a29 p.
650 _aRecurso natural
650 _aConservacao
650 _aLegislacao
650 _aFlora
650 _aFauna
650 _aMeio ambiente
909 _a202309
_bLucia
_c55
_dLucia Elande
942 _cBK
999 _c25113
_d25113